| 000 | 00717nam a2200217Ia 4500 | ||
|---|---|---|---|
| 003 | GCL | ||
| 008 | 140319s9999 xx 000 0 ara d | ||
| 020 | _a5064910977 | ||
| 040 |
_aGCL / _cGCL |
||
| 082 | 0 | 4 |
_a070.435 _bا و |
| 100 | 1 | _aابراهيم امام | |
| 245 | 1 | 0 |
_aوكالات الانباء / _cابراهيم امام |
| 260 |
_aالقاهرة : _bدار الفكر العربى ، _c1994 |
||
| 300 |
_a287 ص ؛ _c24 سم |
||
| 650 | 0 | 4 | _aوسائل الاعلام |
| 650 | 0 | 4 | _aوكالات الانباء |
| 650 | 0 | 4 | _aالوكالات الدولية |
| 650 | 0 | 4 | _aوكالة - الانباء الامريكية |
| 650 | 0 | 4 | _aوكالة انباء الشرق الاوسط |
| 942 |
_2ddc _cBK |
||
| 999 |
_c51975 _d51975 |
||